|
|
|
|
| LEADER |
01231nam a2200325 a 4500 |
| 001 |
EBC3384096 |
| 003 |
MiAaPQ |
| 005 |
20200520144314.0 |
| 006 |
m o d | |
| 007 |
cr cn||||||||| |
| 008 |
130614s2010 enk sb 001 0 fre d |
| 020 |
|
|
|z 9781906924225
|
| 020 |
|
|
|z 9781906924218
|
| 020 |
|
|
|a 9781906924232 (electronic bk.)
|
| 035 |
|
|
|a (MiAaPQ)EBC3384096
|
| 035 |
|
|
|a (Au-PeEL)EBL3384096
|
| 035 |
|
|
|a (CaPaEBR)ebr10715011
|
| 035 |
|
|
|a (OCoLC)923317959
|
| 040 |
|
|
|a MiAaPQ
|c MiAaPQ
|d MiAaPQ
|
| 050 |
|
4 |
|a PQ3939.L58
|b Z59 2010
|
| 100 |
1 |
|
|a Clement, Murielle Lucie.
|
| 245 |
1 |
4 |
|a Les Bienveillantes de Jonathan Littel
|h [electronic resource] /
|c etudes reunies par Murielle Lucie Clement.
|
| 260 |
|
|
|a Cambridge :
|b Open Book Publishers,
|c 2010.
|
| 300 |
|
|
|a 344 p.
|
| 504 |
|
|
|a Includes bibliographical references and index.
|
| 533 |
|
|
|a Electronic reproduction. Ann Arbor, MI : ProQuest, 2015. Available via World Wide Web. Access may be limited to ProQuest affiliated libraries.
|
| 600 |
1 |
0 |
|a Littell, Jonathan,
|d 1967-
|t Bienveillantes.
|
| 655 |
|
4 |
|a Electronic books.
|
| 710 |
2 |
|
|a ProQuest (Firm)
|
| 856 |
4 |
0 |
|u https://ebookcentral.proquest.com/lib/matrademy/detail.action?docID=3384096
|z Click to View
|